Entry Personal Name
Number of records used in: 1
001 - CONTROL NUMBER
003 - CONTROL NUMBER IDENTIFIER
005 - DATE AND TIME OF LATEST TRANSACTION
- control field:
20231204110831.0
008 - FIXED-LENGTH DATA ELEMENTS
- fixed length control field:
120718n| azannaabn |n aaa c
010 ## - LIBRARY OF CONGRESS CONTROL NUMBER
- LC control number:
no2012097295
035 ## - SYSTEM CONTROL NUMBER
- System control number:
(OCoLC)oca09253535
040 ## - CATALOGING SOURCE
- Original cataloging agency:
HU
- Language of cataloging:
eng
- Transcribing agency:
HU
- Description conventions:
rda
100 1# - HEADING--PERSONAL NAME
- Personal name:
Datla, Kavita Saraswathi
372 ## - FIELD OF ACTIVITY
- Field of activity:
History
- Field of activity:
South Asia
- Field of activity:
British Empire
373 ## - ASSOCIATED GROUP
- Associated group:
Mount Holyoke College
- Associated group:
University of California at Berkeley
- Associated group:
Jawaharlal Nehru University
374 ## - OCCUPATION
375 ## - GENDER
670 ## - SOURCE DATA FOUND
- Source citation:
The language of secular Islam, 2013:
- Information found:
ECIP t.p. (Kavita Saraswathi Datla) ECIP data (assistant professor of history at Mount Holyoke College, where she teaches courses on modern South Asia and the British Empire; Ph. D. from the University of California at Berkeley; M.A. from Jawaharlal Nehru University, New Delhi)